Welcome to the Holygrace Academy Library

Please use search bar below to get started

SCIENCE REFRESHER (Record no. 916)

MARC details
000 -LEADER
fixed length control field 00247nam a22001097a 4500
082 ## - DEWEY DECIMAL CLASSIFICATION NUMBER
Classification number 500
Item number WAD/M
100 ## - MAIN ENTRY--AUTHOR NAME
Personal name WADHAWAN, KHOSLA
245 ## - TITLE STATEMENT
Title SCIENCE REFRESHER
Remainder of title CLASS IX
300 ## - PHYSICAL DESCRIPTION
Number of Pages 456
650 ## - SUBJECT ADDED ENTRY--TOPICAL TERM
Topical Term PHY, CHEM & BIO FOR CLASS IX
Geographic subdivision INDIA
942 ## - ADDED ENTRY ELEMENTS (KOHA)
Koha item type Books
Holdings
Withdrawn status Lost status Collection code Home library Current library Shelving location Date acquired Source of acquisition Cost, normal purchase price Full call number Accession Number Koha item type
    Reference Main Library Main Library SHELF 7C CLASS IX SCIENCE&PHYSIC 13/08/2009 purchase 250.00 500 WAD/M 04645 Books